[Event "RUS-Cup9"]
[Site "Novgorod"]
[Date "1997.06.13"]
[Round "3"]
[White "Landa, Konstantin"]
[Black "Galliamova, Alisa"]
[Result "1-0"]
[WhiteElo "2570"]
[BlackElo "2440"]
[Annotator "Lutz,C"]
[PlyCount "154"]
[EventDate "1997.06.11"]
[EventType "swiss"]
[EventRounds "9"]
[EventCountry "RUS"]
[SourceTitle "CBM 060"]
[Source "ChessBase"]
[SourceDate "1997.09.29"]
[SourceVersion "1"]
[SourceVersionDate "1997.09.29"]
[SourceQuality "1"]

1. d4 d5 2. Nf3 Nf6 3. c4 c6 4. Nc3 e6 5. e3 Nbd7 6. Bd3 dxc4 7. Bxc4 b5 8. Bd3
Bb7 9. O-O a6 10. e4 c5 11. d5 Qc7 12. dxe6 fxe6 13. Bc2 O-O-O 14. Ng5 Ne5 15.
Qe2 {'N' Lutz.} (15. Qe1 Qb6 16. f4 Nd3 17. Qg3 c4+ 18. Be3 Bc5 19. Bxc5 Nxc5
20. Kh1 b4 21. Na4 Nxa4 22. Bxa4 h6 23. Nf7 Nxe4 {1/2-1/2 Bareev,E-Dreev,A/
RUS-ch 1996/CBM 56}) 15... Re8 (15... Qb6 $2 16. f4 Nd3 17. Nf7 $16 (17. Be3
$16)) 16. Bf4 (16. f4 Nc6 $5 {/\ ...Nd4}) 16... Bd6 17. Rad1 Rhf8 (17... Nf3+
18. Nxf3 Bxf4 19. e5 Nd7 (19... Nd5 $5) 20. Ne4 $36) 18. Bg3 h6 19. Nh3 g5 20.
Rd2 Qc6 21. f4 gxf4 22. Nxf4 Bc7 23. Rdd1 c4 24. Kh1 {'~~' Lutz.} h5 {'?!'
Lutz.} (24... Rd8 $5 $13) 25. h3 h4 26. Bxh4 Nfd7 27. a3 Nc5 28. Nh5 Rh8 29.
Bf6 Rh6 30. Bg5 Rg6 31. Be3 a5 32. Nd5 Ncd3 33. Nhf4 Nxf4 34. Nxf4 Rgg8 35. Bg1
Rh8 36. Bh2 Reg8 37. Bb1 Kb8 38. Rc1 a4 39. Rcd1 Ka8 40. Bg1 Ng4 41. Qd2 Be5
42. Qa5+ Kb8 43. Rf3 Nf6 44. Bh2 Nd7 45. Qd2 Rh7 46. Ne2 Rhg7 47. Bxe5+ Nxe5
48. Qf4 Qc7 49. Rg3 Rxg3 50. Nxg3 Nd3 51. Qxc7+ Kxc7 52. Bxd3 Rxg3 53. Bb1 Rb3
54. h4 Rxb2 55. h5 Rf2 56. Kh2 e5 57. Kg3 Rf8 58. Kh4 Bc8 59. g4 Rf2 60. Rg1
Kd6 61. h6 Rh2+ 62. Kg5 Kc5 63. Kg6 Kd4 64. g5 Kc3 65. h7 Kb2 66. Rg2+ Rxg2 67.
h8=Q Bd7 68. Qh1 Rd2 69. Kf6 Be8 70. Kxe5 c3 71. Kf4 Kxa3 72. Qh8 b4 73. Qxe8
c2 74. Bxc2 {'!' Lutz.} Rxc2 75. g6 b3 76. g7 Rg2 77. Qf8+ Ka2 1-0

[Event "Excelsior Cup"]
[Site "Gothenburg"]
[Date "1997.??.??"]
[Round "1"]
[White "Ziegler, Ari"]
[Black "Hector, Jonny"]
[Result "1/2-1/2"]
[WhiteElo "2455"]
[BlackElo "2500"]
[Annotator "Lutz,C"]
[PlyCount "103"]
[EventDate "1997.01.??"]
[EventType "tourn"]
[EventRounds "9"]
[EventCountry "SWE"]
[EventCategory "9"]
[SourceTitle "CBM 057"]
[Source "ChessBase"]
[SourceDate "1997.04.01"]
[SourceVersion "1"]
[SourceVersionDate "1997.04.01"]
[SourceQuality "1"]

1. d4 d5 2. c4 c6 3. Nc3 Nf6 4. e3 e6 5. Nf3 Nbd7 6. Bd3 dxc4 7. Bxc4 b5 8. Bd3
a6 9. e4 c5 10. d5 c4 11. dxe6 Nc5 $6 {Ein zweifelhaftes Bauernopfer, dem
keine große Zukunft prophezeit werden kann.} (11... fxe6) (11... cxd3) 12.
exf7+ Ke7 13. Bc2 Qxd1+ 14. Kxd1 Bb7 (14... Bg4 $2 15. h3 Rd8+ 16. Ke2 Bh5 $2
17. e5 $18 {1-0 Dudas,J-Chura,J/CSR-chJ 1990 (45)}) 15. Be3 $5 {Weiß gibt
einfach den Bauern zurück und bewahrt Vorteil.} Ncxe4 (15... Kxf7 16. Ng5+ $16
{/\ f3}) 16. Nxe4 Bxe4 (16... Nxe4 17. Ke2 Kxf7 $140 18. Bxe4 Bxe4 19. Ng5+)
17. Bxe4 Nxe4 18. Kc2 $36 {Aufgrund des exponierten schwarzen Königs hat Weiß
immer noch eine kräftige Initiative.} Kxf7 19. Rad1 Be7 20. Ne5+ Ke6 21. Nc6
Rhe8 22. Rhe1 Bf8 23. Bd4 Kf5 24. f3 Nf6 25. Ne5 Rac8 26. g4+ Ke6 27. f4 Nd5
28. f5+ Kd6 29. Bc3 a5 30. a3 Kc5 31. Bxa5 b4 32. Nd7+ Kc6 33. Nxf8 b3+ 34. Kd2
Rxe1 35. Rxe1 Rxf8 36. Re6+ Kc5 37. Ke1 c3 38. Bb4+ Kb5 39. Re5 Kc4 40. Rxd5
Re8+ 41. Kf2 Kxd5 42. Bxc3 Re7 43. f6 Rf7 44. g5 Ke4 45. Ke2 gxf6 46. gxf6 Rc7
47. a4 Rxc3 48. bxc3 b2 49. f7 b1=Q 50. f8=Q Qc2+ 51. Kf1 Qc1+ 52. Kg2 1/2-1/2

[Event "Moscow Aeroflot op"]
[Site "Moscow"]
[Date "2002.02.06"]
[Round "3"]
[White "Korotylev, Alexey"]
[Black "Gagunashvili, Merab"]
[Result "1-0"]
[WhiteElo "2564"]
[BlackElo "2486"]
[Annotator "Lutz,C"]
[PlyCount "97"]
[EventDate "2002.02.04"]
[EventType "swiss"]
[EventRounds "9"]
[EventCountry "RUS"]
[SourceTitle "CBM 088"]
[Source "ChessBase"]
[SourceDate "2002.03.21"]
[SourceVersion "1"]
[SourceVersionDate "2002.03.21"]
[SourceQuality "1"]

1. d4 d5 2. c4 c6 3. Nc3 Nf6 4. e3 e6 5. Nf3 Nbd7 6. Bd3 dxc4 7. Bxc4 b5 8. Bd3
Bb7 9. O-O a6 10. e4 c5 11. d5 Qc7 12. dxe6 fxe6 13. Bc2 Bd6 {Dreevs Idee.} 14.
Ng5 Nf8 15. f4 e5 $2 $146 {Eine unglückliche Neuerung, vermutlich hat Schwarz
einfach etwas verwechselt.} (15... O-O-O {ist die Hauptfortsetzung hier. Wegen
der Abzugsdrohung des Bd6 muss Weiß ein Tempo mit seiner Dame verlieren. Dank
dieses Tempos ist die schwarze Stellung einigermaßen spielbar, z.B.} 16. Qe1 (
16. Qe2 h6 17. Nh3 (17. Nf3 {1/2-1/2 Nenashev,A-Dreev,A/Groningen 1997/CBM 63/
[Lutz] (36)}) (17. e5 {0-1 Jelen,I-Ribli,Z/Pula 1998/EXT 2000 (28)}) 17... e5
18. a4 b4 (18... Ne6 19. axb5 Nd4 20. Qd1 axb5 21. Be3 Qc6 22. Kh1 {1/2-1/2
Alterman,B-Pinter,J/Recklinghausen 1998/CBM 67/[Lutz] (22)} Rhe8 $15) 19. Nd5
Nxd5 20. exd5 Bxd5 $5 $13 {1/2-1/2 Kalugin,S-Riazantsev,A/St Petersburg 1999/
CBM 74/[Lutz] (33)}) 16... e5 17. Nd5 (17. f5 h6 18. Nf3 N8d7 $11 {0-1
Illescas Cordoba,M-Shirov,A/Leon 2000/CBM 78/[Lutz] (54)}) (17. a4 $6 {0-1
Sadler,M-Dreev,A/Groningen 1997/CBM 63/[Lutz] (45)}) 17... Nxd5 (17... Bxd5 18.
exd5 exf4 19. Bd2 Re8 20. Qh4 Ng6 21. Qh3+ Kb8 22. a4 b4 23. Rad1 c4 24. Ne6
Qb6+ 25. Kh1 Nxd5 26. Nxg7 Re3 $5 27. Bxe3 Nxe3 28. a5 $5 $40 {1/2-1/2 Piket,
J-Khalifman,A/Dortmund 2000/CBM 78_02/[Lutz] (34)}) 18. exd5 exf4 19. Bd2 $1
$36 {1-0 Krasenkow,M-Almasi,Z/Polanica Zdroj 2000/CBM 79/[Lutz] (50)}) 16. Nd5
Bxd5 (16... Nxd5 $5 17. exd5 O-O-O $5) 17. exd5 h6 (17... O-O-O 18. a4 $36) 18.
fxe5 Bxe5 19. Nf3 O-O-O 20. a4 $16 {Der schwarze Damenflügel wird nun einfach
zerfetzt.} Rxd5 21. Qe2 N8d7 22. axb5 Re8 23. Nxe5 Rexe5 24. Qf3 axb5 25. Bf4
$18 Qb6 26. Bxe5 Nxe5 27. Qg3 c4+ 28. Kh1 Qb7 29. Bf5+ Kb8 30. Rfe1 Qc7 31. Qa3
Qb7 32. Qf8+ Kc7 33. Qxg7+ Ned7 34. Bxd7 Rg5 35. Bc6+ Rxg7 36. Bxb7 Kxb7 37.
Re5 Ng4 38. Rxb5+ Kc6 39. Rh5 Nf2+ 40. Kg1 Nd3 41. Ra6+ Kb7 42. Raxh6 Re7 43.
h4 Re1+ 44. Kh2 Re2 45. Rg5 Rxb2 46. Rg7+ Ka8 47. Rh8+ Rb8 48. Rxb8+ Kxb8 49.
h5 1-0

[Event "Novgorod"]
[Site "Novgorod"]
[Date "1997.06.22"]
[Round "9"]
[White "Gelfand, Boris"]
[Black "Bareev, Evgeny"]
[Result "1/2-1/2"]
[WhiteElo "2700"]
[BlackElo "2665"]
[Annotator "Lutz,C"]
[PlyCount "200"]
[EventDate "1997.06.11"]
[EventType "tourn"]
[EventRounds "10"]
[EventCountry "RUS"]
[EventCategory "19"]
[SourceTitle "CBM 060"]
[Source "ChessBase"]
[SourceDate "1997.09.29"]
[SourceVersion "1"]
[SourceVersionDate "1997.09.29"]
[SourceQuality "1"]

1. d4 d5 2. c4 c6 3. Nc3 Nf6 4. Nf3 e6 5. e3 Nbd7 6. Bd3 dxc4 7. Bxc4 b5 8. Bd3
Bb7 9. O-O a6 10. e4 c5 11. d5 Qc7 12. dxe6 fxe6 13. Bc2 c4 14. Nd4 {Diese
Variante bleibt nach wie vor im Rampenlicht. Schwarz steht vor einigen
Problemen.} Nc5 15. Be3 (15. Qe2) 15... e5 (15... O-O-O) 16. Nf3 $1 $146 {
Eine wichtige Neuerung gegenüber 16.Nf5.} (16. Nf5) 16... Ncxe4 (16... Bxe4 $2
17. Nxe4 Ncxe4 18. Bxe4 $18) (16... Nfxe4 17. Nxe4 Nxe4 {- 16...Ncxe4}) (16...
Bd6 17. Nd5 $5) (16... Be7 17. Nd5 $5) (16... Rd8 {- Alterman,B- Gabriel,C 
(Bad Homburg 1997)}) 17. Nxe4 Nxe4 (17... Bxe4 $2 18. Bxe4 Nxe4 (18... Rd8 19.
Qc2 $18) 19. Qd5 $18) 18. Re1 Bd6 (18... Bb4 $2 19. Bxe4 Bxe4 20. Bd2 Bxd2 21.
Rxe4 $18 {und der Pe5 fällt.}) (18... Be7 19. Bxe4 Bxe4 20. Ng5 Rd8 (20... Bd3
21. Ne6 $16) (20... Qc6 21. Nxe4 Qxe4 22. Bg5 $16) (20... Bxg5 21. Bxg5 Qc6 22.
Qh5+ g6 23. Qh4 $16) 21. Qg4 Bd5 22. Nxh7 $16) 19. Bxe4 Bxe4 20. Ng5 Bd3 {
[%csl Ra1,Gc4,Gd3,Re1] Die Konstruktion Pc4+Bd3 gibt der schwarzen Stellung
einigen Halt, da die weißen Türme ausgesperrt sind.} (20... Bb7 $2 21. Ne6 Qc6
22. Qg4 $40) (20... Bg6 $2 21. Ne6 $40 {/\ Qd5, /\ Qg4}) 21. Qf3 (21. Bf4 O-O
22. Ne6 Qf7 23. Nxf8 Qxf4 $17) (21. Ne6 $5 {/\ Qg4}) 21... O-O-O (21... Rd8 22.
Bd4 {mit den Drohungen Bxe5 oder Qg3 überlebt Schwarz nicht.}) 22. Qa8+ (22.
Ne6 $5 {gewinnt die Qualität, aber nach} Qb7 23. Qxb7+ Kxb7 24. Nxd8+ Rxd8 {
[%csl Ra1,Rb2,Gd3,Re1][%cal Yd3b1,Yd3f1,Ye5e4,Yd6e5,Ye5b2] hat Schwarz
Kompensation, da die weißen Türme ziemlich dumm stehen. Es droht ...e4 nebst ..
.Be5.} 25. f3 e4 26. fxe4 Be5 $44) (22. Nf7 $5 {ist ein anderer Versuch,
Material zu gewinnen.} Rdf8 (22... Qb7 23. Qh3+ Kb8 (23... Qd7 $2 24. Nxd6+)
24. Nxd8 Rxd8 25. a4 $16 {Diesmal hat Schwarz nicht genügend Ersatz, da durch
die Anwesenheit der Damen sien König gefährdet ist.}) (22... Rhf8 23. Qa8+ Kd7
24. Nxd8 $16) 23. Nxd6+ Qxd6 24. Qa8+ Kd7 (24... Kc7 25. Qa7+ {/\ Bc5}) 25.
Qa7+ Qc7 26. Qxa6 Rb8 {mit einer ähnlichen Stellung wie in der Partie.}) 22...
Kd7 23. Qxa6 Rb8 24. Nf7 Rhf8 (24... Rhe8 $5 {kam in Betracht, da Weiß ohnehin
auf d6 schlagen will. Der Re8 deckt dann e5.} 25. Nxd6 Qxd6 26. Qxd6+ Kxd6 27.
f3 $11) 25. Nxd6 Qxd6 26. Qa5 Ke6 {mit der Drohung 27...Ra8 28.Qxb5 Tfb8.} 27.
f4 Ra8 {Führt zu einem Endspiel.} (27... Kf7 28. Qa7+ Kg8 29. Bc5) (27... e4 $5
{Käme Schwerz noch dazu, seinen König nach g8 zu bringen, stände er bereits
besser wegen des starken Bd3. Daher muß Weiß energisch spielen :} 28. a4 $1 b4
29. Qg5 Kf7 30. a5 {mit einer unklaren Stellung, die mir aber besser für Weiß
gefällt.}) 28. fxe5 Rxa5 (28... Qxe5 $2 29. Ba7 Be2 30. Rxe2 Qxe2 31. Re1 $18)
29. exd6 Kxd6 30. Bd2 $5 {Hiert bestand eine bemerkenswerte Möglichkeit in 30.
b4 !? :} (30. b4 $5 Raa8 (30... cxb3 31. Red1 bxa2 32. Rxd3+ $16) 31. Bc5+ Kd5
32. Bxf8 Rxf8 33. Re7 Kd4 $1 {Der König droht über c3 einzudringen.} (33... c3
34. Rc7 c2 (34... Kd4 35. Rc1 Bc4 36. Rd7+ $18) 35. Rc1 {/\ R1c2} Rf4 36. a3
$16) 34. Rc1 Ra8 35. Rb7 Ke3 {nebst ...Kd2, und Weiß hat Sorgen.}) 30... Ra4
31. a3 Rf7 32. Bb4+ Kd5 33. Bc3 Raa7 34. Re5+ Kc6 35. Rae1 Rad7 36. h3 Rf5 (
36... g6 $5 $11) 37. Re6+ Kb7 38. Re7 Rf7 39. R7e5 Kc6 40. Rg5 Rde7 41. Rxe7
Rxe7 42. Bxg7 $14 {Der kleine weiße Vorteil reicht in der Folge nicht zum Sieg.
} Re2 43. Bd4 Be4 44. h4 h6 45. Rg7 Kd5 46. Bc3 h5 47. Rg5+ Kc6 48. Kh2 Bd5 49.
Rxh5 Rxg2+ 50. Kh3 Rg6 51. Rh8 Be6+ 52. Kh2 Kd5 53. Rh5+ Kc6 54. Rh8 Kd5 55. h5
Rg8 56. Rh7 Rg4 57. h6 Ke4 58. Rh8 Rg8 59. Rh7 Rg6 60. Rh8 Rg8 61. Rh7 Rg4 62.
Rb7 Rh4+ 63. Kg2 Rxh6 64. Rxb5 Bd5 65. Kf2 Ra6 66. Rc5 Ra7 67. Rc8 Be6 68. Re8
Kd5 69. Ke3 Rh7 70. a4 Bd7 71. Ra8 Re7+ 72. Kf4 Re4+ 73. Kg5 Bc6 74. Ra7 Re8
75. a5 Kc5 76. Rc7 Kb5 77. Kf6 Rf8+ 78. Ke5 Re8+ 79. Kd6 Rd8+ 80. Ke7 Re8+ 81.
Kf7 Rd8 82. Kg6 Rg8+ 83. Kh6 Rd8 84. Re7 Re8 85. Rf7 Re6+ 86. Kg5 Rd6 87. Rf8
Rd7 88. Kf4 Ra7 89. Rf5+ Ka6 90. Ke3 Rd7 91. Rc5 Bb5 92. Ke4 Rd8 93. Rc7 Rd7
94. Rc8 Kb7 95. Rc5 Ka6 96. Rg5 Bc6+ 97. Ke3 Rd3+ 98. Ke2 Rd5 99. Rg6 Kb5 100.
a6 Rd7 1/2-1/2

[Event "Sigeman & Co 05th"]
[Site "Malmo"]
[Date "1997.06.14"]
[Round "5"]
[White "Akesson, Ralf"]
[Black "Hector, Jonny"]
[Result "1-0"]
[WhiteElo "2515"]
[BlackElo "2500"]
[Annotator "Lutz,C"]
[PlyCount "57"]
[EventDate "1997.06.10"]
[EventType "tourn"]
[EventRounds "9"]
[EventCountry "SWE"]
[EventCategory "13"]
[SourceTitle "CBM 060"]
[Source "ChessBase"]
[SourceDate "1997.09.29"]
[SourceVersion "1"]
[SourceVersionDate "1997.09.29"]
[SourceQuality "1"]

1. d4 d5 2. c4 c6 3. Nc3 Nf6 4. e3 e6 5. Nf3 Nbd7 6. Bd3 dxc4 7. Bxc4 b5 8. Bd3
a6 9. e4 c5 10. d5 c4 11. Bc2 Nc5 $6 {Dieser Zug gilt zu Recht als dubios. Die
vorliegende Partie kann nichts an dem Urteil ändern.} (11... Qc7) 12. O-O $146
{Eine Neuerung gegenüber 12.Bg5, was ebenfalls gut für Weiß ist.} (12. Bg5 {
1-0 Van der Sterren,P-Donaldson,J/Reykjavik op 1986/EXT 86op (45)}) 12... b4
13. Na4 exd5 {Die Öffnung der e-Linie ist angesichts des unrochierten Königs
selbstmöderisch. Das Nehmen auf e4 macht die Stellung auch nicht einfacher :} (
13... Nfxe4 $5 14. dxe6 $1 (14. Qe2 exd5 15. Nxc5 Bxc5 16. Bxe4 Qe7 $1 {
ist nicht überzeugend.} (16... dxe4 17. Qxe4+ Be6 18. Qc6+ $18)) (14. Qe1 Nf6
15. dxe6 Nxe6 {ist ebenfalls unklar.}) 14... Qxd1 (14... Bxe6 15. Qe2 Nf6 16.
Ng5 $40) 15. exf7+ Kxf7 16. Rxd1 $16 {mit der Doppeldrohung Nb6xc4 und Ne5+xc4.
}) (13... Ncxe4 $5 14. dxe6 Qxd1 (14... Bxe6 15. Qe2 $40) 15. exf7+ Kxf7 16.
Rxd1 {ist auch nicht besser.}) 14. exd5 Qxd5 15. Qe1+ Qe6 16. Nb6 $1 {Einfach
und stark.} Rb8 17. Nxc8 Rxc8 18. Qxb4 Be7 19. Re1 $16 {Damit ist das schwarze
Eröffnungsexperiment gescheitert.} Nd3 20. Qa4+ Qd7 21. Ne5 $1 Qxa4 (21... Nxe5
22. Rxe5 $16) 22. Bxa4+ Kf8 23. Nxd3 cxd3 24. Bd2 Nd5 25. Rac1 Rxc1 26. Rxc1 g5
27. Bb3 Nf4 28. Rc7 Rg8 $2 29. Rc8+ (29. Rc8+ Kg7 30. Bc3+ $18) 1-0

[Event "Capablanca Memorial Elite 37th"]
[Site "Havana"]
[Date "2002.05.09"]
[Round "4"]
[White "Arencibia Rodriguez, Walter"]
[Black "Dominguez Perez, Leinier"]
[Result "1-0"]
[WhiteElo "2542"]
[BlackElo "2601"]
[Annotator "Lutz,C"]
[PlyCount "75"]
[EventDate "2002.05.06"]
[EventType "tourn"]
[EventRounds "9"]
[EventCountry "CUB"]
[EventCategory "13"]
[SourceTitle "CBM 089"]
[Source "ChessBase"]
[SourceDate "2002.08.12"]
[SourceVersion "1"]
[SourceVersionDate "2002.08.12"]
[SourceQuality "1"]

1. d4 d5 2. c4 c6 3. Nc3 Nf6 4. e3 e6 5. Nf3 Nbd7 6. Bd3 dxc4 7. Bxc4 b5 8. Bd3
Bb7 9. O-O a6 10. e4 c5 11. d5 Qc7 12. Qe2 $5 {Weiß wandelt auf alten Pfaden
und hat damit Erfolg.} (12. Bc2) 12... c4 13. Bc2 Bd6 14. dxe6 fxe6 15. Ng5 Qc6
$6 $146 {Ist diese Neuerung aus Unkenntnis entstanden? Es ist doch schon seit
langem bekannt, dass nach 15...Nc5 Schwarz keine Probleme hat.} (15... Nc5 $1
16. f4 h6 $1 17. Nh3 (17. Nf3 Nd3 18. Bxd3 cxd3 19. Qxd3 O-O $5 20. Kh1 Rad8
$44 {0-1 Bareev,E-Shirov,A/Hastings 1991/CBM 27/[Ftacnik] (45)}) (17. e5 hxg5
18. Bg6+ Kf8 19. exd6 Qxd6 20. Qe5 Qc6 21. Qxg5 b4 22. Be3 Rc8 23. Ne2 Nce4 24.
Qa5 Ng4 $1 25. Qxb4+ (25. Nd4 Qd5) 25... Nd6 26. Rf3 Nxe3 27. Be4 Qxe4 28.
Qxd6+ Kg8 $19 {0-1 Anic,D-Lukacs,P/Budapest 1992/EXT 97 (39)}) 17... e5 18. a4
O-O 19. axb5 Ne6 20. bxa6 exf4 (20... Rxa6 21. Rxa6 Bxa6 22. fxe5 Bxe5 $44 {
0-1 Jelen,I-Beliavsky,A/Grize 1996/EXT 97 (46)}) 21. e5 f3 22. gxf3 Nd4 23. Qg2
Bxe5 24. Bxh6 Nxc2 25. Qxc2 Bc8 26. Kh1 Bxh3 27. Rg1 Ng4 28. Rxg4 {0-1 Wells,
P-Dreev,A/Cappelle la Grande 1992/EXT 97 (28)}) 16. f4 Bc5+ 17. Kh1 h6 18. e5
hxg5 19. Bg6+ Ke7 20. exf6+ gxf6 21. Be4 Qc7 22. Bxb7 Qxb7 23. fxg5 Rag8 24.
Ne4 {Der schwarze König steht unsicherer als der weiße, daher hat Weiß Vorteil.
} f5 $6 (24... Bd4 25. Bf4 f5 26. Nd6 $16 {/\ Rad1}) 25. Rxf5 Qc6 26. Rf1 Bd4
27. Bf4 $18 e5 28. Bg3 Rf8 29. Rfe1 Rf5 30. Rad1 Kd8 31. Rxd4 $1 {Die
einfachste Lösung.} exd4 32. Nd6 Rff8 33. Qe7+ Kc7 34. Nxc4+ Kc8 35. Nd6+ Kb8
36. Nf7+ Kb7 37. Nxh8 Rxh8 38. Qg7 1-0

[Event "FIDE-Wch k.o."]
[Site "Groningen"]
[Date "1997.12.15"]
[Round "3.2"]
[White "Sadler, Matthew D"]
[Black "Dreev, Alexey"]
[Result "0-1"]
[WhiteElo "2665"]
[BlackElo "2640"]
[Annotator "Lutz,C"]
[PlyCount "90"]
[EventDate "1997.12.09"]
[EventType "k.o."]
[EventRounds "7"]
[EventCountry "NED"]
[SourceTitle "CBM 063"]
[Source "ChessBase"]
[SourceDate "1998.03.26"]
[SourceVersion "1"]
[SourceVersionDate "1998.03.26"]
[SourceQuality "1"]

1. d4 {Knaak} d5 2. c4 c6 3. Nf3 Nf6 4. Nc3 e6 5. e3 Nbd7 6. Bd3 dxc4 7. Bxc4
b5 8. Bd3 Bb7 9. O-O a6 10. e4 c5 11. d5 Qc7 12. dxe6 fxe6 13. Bc2 Bd6 $1 $146
{Eine wichtige Neuerung. In meinen Anmerkungen beziehe ich mich auf die
ausführlichen Analysen A.Filipenkos in SCHACH 2/98.} (13... c4) (13... O-O-O $5
14. Ng5 Ne5 15. Qe1 (15. Qe2 $5 Re8 16. f4 Nc6 17. Nf3 g5 (17... Nd4 18. Nxd4
cxd4 19. Nd1 $14) (17... e5 18. fxe5 Nxe5 19. Nxe5 Qxe5 20. Bf4 Qh5 $13) 18. e5
$5 g4 19. exf6 gxf3 20. Qxf3 Nd4 21. Qh5 Be7 22. f7 Rd8 $6 (22... Ref8 $5) 23.
Be4 b4 24. Bxb7+ Kxb7 25. Ne2 Bf6 26. f5 $1 exf5 27. Nxd4 Bxd4+ 28. Kh1 Rhf8
29. Rxf5 Rd7 30. Bf4 Rdxf7 (30... Qc6 31. Bh6 $18) 31. Bxc7 Rxf5 32. Qe2 Kxc7
33. h3 Re5 34. Qxa6 $18 {Sadler-Dreev/WchT Luzern/1997/}) 15... Qb6 16. f4 Nd3
17. Qg3 c4+ 18. Be3 Bc5 19. Bxc5 Nxc5 $1 20. Kh1 b4 21. Na4 Nxa4 22. Bxa4 h6
23. Nf7 Nxe4 {1/2-1/2 Bareev-Dreev/RUS-ch Elista/1996/} 24. Qg6 Nf2+ 25. Rxf2
Qxf2 26. Nxh8 Rxh8 27. Qxe6+ Kb8 28. Bc6 Qb6 29. Qe5+ Qc7 30. Qxc7+ Kxc7 31.
Bxb7 Kxb7 $17) 14. Ng5 {Versucht, den letzten schwarzen Zug auszunutzen.} Nf8
$8 (14... Ke7 $2 15. f4 $18 {(A.Filipenko)}) 15. f4 O-O-O 16. Qe1 $5 (16. Qe2 {
Nenashev,A-Dreev,A/FIDE-Wch Groningen/1997/}) 16... e5 (16... h6 $6 17. Nf3
Bxf4 18. e5 Bxc1 (18... Bxf3 $2 19. Bxf4 $18) 19. Rxc1 $44 {(A.Filipenko)}) 17.
a4 $6 {So wird zwar der Damenflügel geschwächt, aber der Nc3 gelangt auf
ungünstige Felder. Filipenko gibt zwei bessere Alternativen an :} (17. fxe5
Bxe5 18. Nf3 Ne6 19. Nxe5 Qxe5 20. Rf5 $13 {(A.Filipenko)}) (17. f5 h6 18. Nf3
N8d7 $11 {(A.Filipenko)}) 17... b4 18. Ne2 (18. Nd5 Nxd5 19. exd5 exf4 $17 {
(A.Filipenko)}) (18. fxe5 Bxe5 19. Nd5 Nxd5 20. exd5 Bxh2+ (20... Bxd5 $5) 21.
Kh1 Bxd5 $17 {(A.Filipenko)}) 18... h6 19. fxe5 Bxe5 20. Nf3 Ne6 $1 {[%csl Rd4,
Rf4][%cal Ye6d4,Ye6f4]} 21. Nxe5 Qxe5 22. Rf5 Qd6 $1 23. Bf4 (23. e5 Qc6 24.
Qf1 (24. Rf2 Ng4 $19) 24... Ne4 $17 {(A.Filipenko)}) 23... Nxf4 24. Nxf4 Rhe8 (
24... Qd4+ $6 {Knaak} 25. Kh1 Nxe4 26. Ne6 $14) (24... Bxe4 {Knaak} 25. Rd1 Qc6
26. Rxf6 gxf6 27. Rxd8+ Rxd8 28. Bxe4 Qd6 29. Bf5+ Kb8 30. Nd3 $14) (24... b3
$142 {Knaak} 25. Rd1 Qb6 26. Bb1 c4+ 27. Kh1 Bxe4 28. Rxf6 $2 Qxf6 $19) 25. Rd1
Rxe4 (25... Qb6 $142 {Knaak}) 26. Rxd6 $4 {Knaak: Vielleicht haben die Spieler
geglaubt, daß eine Parade der Drohung 26...Rxe1+ auf die Antwort 26...Re4-d4
träfe. Mit 26.Ne2!+/- verhindert Weiß aber eben diesen Zug. Die Folge wäre,
daß Schwarz eine Qualität verliert und hart ums Remis kämpfen muß. An der
theoretischen Bedeutung dieser Partie ändert der Springerzug nichts, denn
Schwarz kann sein Spiel im 24. und 25. Zug leicht verstärken.} (26. Ne2 $1 $14
{Knaak Fritz}) 26... Rxe1+ 27. Kf2 Rxd6 28. Rxc5+ Kd8 29. Kxe1 g5 30. Nd3 b3
31. Ne5 Nd7 $1 $19 (31... bxc2 $2 32. Nf7+ Ke7 33. Nxd6 Kxd6 34. Rxc2 $132 {
(A.Filipenko)}) 32. Nf7+ Ke7 33. Nxd6 Nxc5 34. Nf5+ Kf6 35. Bb1 h5 36. g3 Nxa4
37. Kd2 Bd5 38. Ne3 Be6 39. Bd3 Nxb2 40. Bxa6 Ke5 41. Bb5 Kd4 42. h4 g4 43. Ng2
Nc4+ 44. Bxc4 Bxc4 45. Nf4 Bf7 0-1

[Event "EU-ch 2nd"]
[Site "Ohrid"]
[Date "2001.06.12"]
[Round "11"]
[White "Nikolic, Predrag"]
[Black "Huzman, Alexander"]
[Result "1-0"]
[WhiteElo "2652"]
[BlackElo "2578"]
[Annotator "Lutz,C"]
[PlyCount "75"]
[EventDate "2001.06.01"]
[EventType "swiss"]
[EventRounds "13"]
[EventCountry "YUG"]
[SourceTitle "CBM 084"]
[Source "ChessBase"]
[SourceDate "2001.09.13"]
[SourceVersion "1"]
[SourceVersionDate "2001.09.13"]
[SourceQuality "1"]

1. d4 Nf6 2. Nf3 e6 3. c4 d5 4. Nc3 c6 5. e3 Nbd7 6. Bd3 dxc4 7. Bxc4 b5 8. Bd3
Bb7 9. O-O a6 10. e4 c5 11. d5 Qc7 12. dxe6 fxe6 13. Qe2 c4 14. Bc2 Bd6 15. g3
$5 $146 {Es wäre erstaunlich, wenn Weiß mit einem derartigen Zug ernsthaft auf
Eröffnungsvorteil hoffen könnte. Ambitionierter sind 15.Nd4 oder 15.Ng5,
obwohl auch diese Züge bei genauem Spiel dem Weißen keinen Vorteil einräumen.}
(15. Ng5) (15. Nd4 Nc5 16. f4 e5 17. Ndxb5 $5 axb5 18. Nxb5 Qb6 19. Nxd6+ Qxd6
20. fxe5 Qxe5 21. Rf5 $13 {1-0 Karpov,A-Anand,V/Lausanne 1998/CBM 63/[Stohl] 
(108)}) 15... O-O 16. a3 Ne5 17. Ng5 Rae8 18. f3 Nd3 19. Kg2 h6 20. Nh3 Nxc1
21. Raxc1 Be5 {Offensichtlich hat Schwarz keinerlei Probleme, durch seinen
starken schwarzfeldrigen Läufer kann er im Gegenteil sogar auf Vorteil spielen.
} 22. Qe3 Rd8 23. Rfd1 Rxd1 24. Rxd1 Rd8 25. Rxd8+ Qxd8 26. Nf4 Kf7 27. Nfe2
Qc7 28. b4 cxb3 29. Bxb3 Nd7 30. f4 Bxc3 31. Nxc3 Nc5 32. Bd1 Qd6 33. Bh5+ Ke7
(33... Kg8 34. Bf3 e5 $5) 34. Bf3 e5 $2 {Nach (fast) jedem anderen Zug ist
nichts los.} 35. Nd5+ {Jetzt gewinnt Weiß einen dicken Bauern.} Kf7 (35... Bxd5
36. fxe5 $18) 36. fxe5 Qf8 37. Bg4 Kg8 38. e6 1-0